Türkiye'de Siyasi Tarih'in Gelişimi ve Sorunları Sempozyumu: (bildiriler ve tartışmalar) (Record no. 6955)

000 -LEADER
fixed length control field 00953nmm a2200265 a 4500
001 - CONTROL NUMBER
control field ocm000652822
003 - CONTROL NUMBER IDENTIFIER
control field TR-IsHL
005 - DATE AND TIME OF LATEST TRANSACTION
control field 20201028135829.0
008 - FIXED-LENGTH DATA ELEMENTS--GENERAL INFORMATION
fixed length control field 131209s2006 tu tur
007 - PHYSICAL DESCRIPTION FIXED FIELD--GENERAL INFORMATION
fixed length control field cr cn
020 ## - INTERNATIONAL STANDARD BOOK NUMBER
International Standard Book Number 9789754827248
035 ## - SYSTEM CONTROL NUMBER
System control number 652822
-- (N$T)
050 04 - LIBRARY OF CONGRESS CALL NUMBER
Classification number DR471.T87
Item number E73[t 2006
090 04 - LOCALLY ASSIGNED LC-TYPE CALL NUMBER (OCLC); LOCAL CALL NUMBER (RLIN)
Classification number (OCLC) (R) ; Classification number, CALL (RLIN) (NR) DR471.T87
Local cutter number (OCLC) ; Book number/undivided call number, CALL (RLIN) E73[t 2006
100 1# - MAIN ENTRY--PERSONAL NAME
Personal name Erdem, Gökhan
245 10 - TITLE STATEMENT
Title Türkiye'de Siyasi Tarih'in Gelişimi ve Sorunları Sempozyumu: (bildiriler ve tartışmalar)
Medium [electronic resource] /
Statement of responsibility, etc. Gökhan Erdem
260 ## - PUBLICATION, DISTRIBUTION, ETC.
Place of publication, distribution, etc. Ankara :
Name of publisher, distributor, etc. Ankara Üniversitesi Siyasal Bilgiler Fakültesi,
Date of publication, distribution, etc. 2006
300 ## - PHYSICAL DESCRIPTION
Extent 141 p.
650 #4 - SUBJECT ADDED ENTRY--TOPICAL TERM
Topical term or geographic name entry element Tarih
650 #4 - SUBJECT ADDED ENTRY--TOPICAL TERM
Topical term or geographic name entry element History
650 #0 - SUBJECT ADDED ENTRY--TOPICAL TERM
Topical term or geographic name entry element Siyasi tarih
General subdivision Türkiye
-- Sempozyumlar
650 #0 - SUBJECT ADDED ENTRY--TOPICAL TERM
Topical term or geographic name entry element Political history
General subdivision Turkey - Symposiums
650 #7 - SUBJECT ADDED ENTRY--TOPICAL TERM
Topical term or geographic name entry element POLITICAL SCIENCE / History & Theory
Source of heading or term bisacsh
856 40 - ELECTRONIC LOCATION AND ACCESS
Uniform Resource Identifier <a href="http://search.ebscohost.com/login.aspx?direct=true&scope=site&db=e011xww&AN=652822">http://search.ebscohost.com/login.aspx?direct=true&scope=site&db=e011xww&AN=652822</a>
Holdings
Withdrawn status Lost status Source of classification or shelving scheme Damaged status Not for loan Collection code Permanent Location Current Location Date acquired Total Checkouts Full call number Barcode Date last seen Price effective from Koha item type
        Online   Kıbrıs Amerikan Üniversitesi Kütüphanesi / American University of Cyprus Kıbrıs Amerikan Üniversitesi Kütüphanesi / American University of Cyprus 28.10.2020   DR471.T87 E73[t 2006 652822 28.10.2020 28.10.2020 E-Kitap
Devinim Yazılım Eğitim Danışmanlık tarafından Koha'nın orjinal sürümü uyarlanarak geliştirilip kurulmuştur.